[Event "GER-chT U12"]
[Site "Magdeburg"]
[Date "2021.08.05"]
[Round "1.8"]
[White "Mombauer, Felix"]
[Black "Rudolph, Alexander"]
[Result "1-0"]
[WhiteElo "1177"]
[BlackElo "1352"]
[PlyCount "111"]
[EventDate "2021.08.04"]
[EventType "team-swiss"]
[EventRounds "7"]
[EventCountry "GER"]
[SourceTitle "EXT 2022"]
[Source "ChessBase"]
[SourceDate "2021.10.06"]
[SourceVersion "1"]
[SourceVersionDate "2021.10.06"]
[SourceQuality "1"]
[WhiteTeam "Fritzdorf"]
[BlackTeam "Muenchen Tarrasch"]
[WhiteTeamCountry "GER"]
[BlackTeamCountry "GER"]

1. e4 c5 2. Nf3 e6 3. c3 d5 4. exd5 exd5 5. d4 Nc6 6. Bb5 Nf6 7. Be3 cxd4 8. cxd4 Qa5+ 9. Nc3 Bb4 10. Bxc6+ bxc6 11. 0-0 0-0 12. Ne5 Qc7 13. Bf4 Bd6 14. Rc1 Ba6 15. Re1 Rab8 16. Qd2 Rfe8 17. Nd3 Bxd3 18. Bxd6 Qxd6 19. Qxd3 Rxe1+ 20. Rxe1 Rxb2 21. Qh3 Qe6 22. Rxe6 fxe6 23. Qxe6+ Kf8 24. h3 Rc2 25. Qc8+ Ke7 26. Qb8 Nd7 27. Qb4+ Ke6 28. Qb3 Rd2 29. Qb1 Rxd4 30. Qe1+ Kd6 31. Qe3 c5 32. Nb5+ Kc6 33. Nxd4+ cxd4 34. Qxd4 Nc5 35. Qxg7 Kb5 36. Qxh7 d4 37. Qh5 d3 38. f4 d2 39. Qe2+ Kb4 40. Qxd2+ Kc4 41. Qc2+ Kd4 42. Qxc5+ Kxc5 43. g4 a5 44. g5 Kd6 45. Kf2 a4 46. Ke3 a3 47. h4 Ke6 48. Ke4 Kd6 49. g6 Kc5 50. g7 Kb4 51. Kd4 Kb5 52. g8Q Kc6 53. Qd5+ Kc7 54. Kc5 Kc8 55. Kb6 Kb8 56. Qd8# 1-0

[Event "GER-ch U25-C"]
[Site "Willingen"]
[Date "2019.06.14"]
[Round "8"]
[White "Navarro Jahnke, Eric"]
[Black "Rudolph, Alexander"]
[Result "1-0"]
[WhiteElo "1259"]
[BlackElo "1414"]
[PlyCount "33"]
[EventDate "2019.06.08"]
[EventType "swiss"]
[EventRounds "9"]
[EventCountry "GER"]
[SourceTitle "CBM 191 Extra"]
[Source "ChessBase"]
[SourceDate "2019.09.30"]
[SourceVersion "1"]
[SourceVersionDate "2019.09.30"]
[SourceQuality "1"]

1. d4 d5 2. e3 Nf6 3. Bd3 c5 4. c3 e6 5. Nd2 Bd6 6. f4 Nc6 7. Ngf3 b6 8. Ne5 Bb7 9. 0-0 c4 10. Bc2 0-0 11. Rf3 Nd7 12. Rg3 f5 13. Qh5 Nf6 14. Qh6 Qe7 15. Ndf3 Kh8 16. Ng6+ Kg8 17. Nxe7+ 1-0

[Event "GER-ch U25-C"]
[Site "Willingen"]
[Date "2019.06.12"]
[Round "5"]
[White "Rudolph, Alexander"]
[Black "Malinowsky, Celina"]
[Result "0-1"]
[WhiteElo "1414"]
[BlackElo "1109"]
[PlyCount "90"]
[EventDate "2019.06.08"]
[EventType "swiss"]
[EventRounds "9"]
[EventCountry "GER"]
[SourceTitle "CBM 191 Extra"]
[Source "ChessBase"]
[SourceDate "2019.09.30"]
[SourceVersion "1"]
[SourceVersionDate "2019.09.30"]
[SourceQuality "1"]

1. e4 e5 2. Nf3 Nc6 3. Bc4 Bc5 4. c3 Nf6 5. d4 exd4 6. cxd4 Bb4+ 7. Bd2 Bxd2+ 8. Nbxd2 d6 9. 0-0 0-0 10. Re1 Bg4 11. Nb3 Re8 12. Bd3 d5 13. e5 Nd7 14. h3 Bh5 15. Re3 f6 16. Qb1 fxe5 17. Bxh7+ Kh8 18. Bg6 Bxg6 19. Qxg6 Qf6 20. Qh5+ Qh6 21. Qxh6+ gxh6 22. Rae1 e4 23. Nh2 Nb4 24. Rc1 c6 25. a3 Nd3 26. Rc2 Nb6 27. Nd2 Nf4 28. h4 Ne6 29. Nb3 a5 30. f3 a4 31. Nc5 Nxd4 32. Rf2 Nc4 33. Re1 e3 34. Rfe2 Nxe2+ 35. Rxe2 d4 36. Ng4 Rad8 37. Nd3 Nd2 38. Nxh6 Kg7 39. Nf5+ Kf6 40. Ng3 c5 41. Nxc5 d3 42. Nce4+ Nxe4 43. Nxe4+ Kf5 44. Rxe3 d2 45. Nd6+ Rxd6 0-1